[Event "DEM U16 2024"]
[Site "Willingen GER"]
[Date "2024.05.22"]
[Round "5"]
[White "von Mettenheim, Johannes"]
[Black "Klaska, Philipp Leon"]
[Result "1/2-1/2"]
[Termination "normal"]
[Board "1"]
[WhiteElo "2293"]
[BlackElo "2142"]
[WhiteClock "00:05:33"]
[BlackClock "00:06:40"]
[PlyCount "82"]
[WhiteFideId "16244818"]
[BlackFideId "16238044"]
[EventCountry "GER"]
[EventRounds "9"]
[EventType "swiss"]
[EventDate "2024.05.18"]

1. d4 {[%clk 01:30:58]} {[%emt 00:00:01]} Nf6 {[%clk 01:30:47]} {[%emt
00:00:13]} 2. Nf3 {[%clk 01:31:24]} {[%emt 00:00:04]} e6 {[%clk 01:30:57]}
{[%emt 00:00:20]} 3. e3 {[%clk 01:31:51]} {[%emt 00:00:03]} b6 {[%clk
01:29:42]} {[%emt 00:01:45]} 4. Bd3 {[%clk 01:32:17]} {[%emt 00:00:04]} Bb7
{[%clk 01:29:38]} {[%emt 00:00:35]} 5. O-O {[%clk 01:32:41]} {[%emt 00:00:05]}
d5 {[%clk 01:22:11]} {[%emt 00:07:58]} 6. b3 {[%clk 01:32:55]} {[%emt
00:00:16]} Bd6 {[%clk 01:22:22]} {[%emt 00:00:19]} 7. Bb2 {[%clk 01:33:20]}
{[%emt 00:00:05]} O-O {[%clk 01:22:45]} {[%emt 00:00:06]} 8. Nbd2 {[%clk
01:33:46]} {[%emt 00:00:04]} c5 {[%clk 01:17:49]} {[%emt 00:05:27]} 9. c4
{[%clk 01:34:07]} {[%emt 00:00:09]} Nc6 {[%clk 01:11:31]} {[%emt 00:06:47]} 10.
cxd5 {[%clk 01:34:33]} {[%emt 00:00:04]} exd5 {[%clk 01:08:24]} {[%emt
00:03:38]} 11. Re1 {[%clk 01:34:58]} {[%emt 00:00:05]} Re8 {[%clk 01:04:01]}
{[%emt 00:04:52]} 12. Nf1 {[%clk 01:29:37]} {[%emt 00:05:51]} Rc8 {[%clk
00:53:29]} {[%emt 00:11:02]} 13. Ng3 {[%clk 01:03:32]} {[%emt 00:26:35]} Ne4
{[%clk 00:44:33]} {[%emt 00:09:26]} 14. dxc5 {[%clk 00:51:36]} {[%emt
00:12:26]} bxc5 {[%clk 00:39:29]} {[%emt 00:05:34]} 15. Nd2 {[%clk 00:46:37]}
{[%emt 00:05:29]} Nf6 {[%clk 00:28:02]} {[%emt 00:11:57]} 16. Nf5 {[%clk
00:28:19]} {[%emt 00:18:48]} Be5 {[%clk 00:25:18]} {[%emt 00:03:14]} 17. Bxe5
{[%clk 00:27:31]} {[%emt 00:01:18]} Nxe5 {[%clk 00:25:16]} {[%emt 00:00:32]}
18. Bb5 {[%clk 00:27:14]} {[%emt 00:00:47]} Re6 {[%clk 00:23:11]} {[%emt
00:02:34]} 19. Nf3 {[%clk 00:25:38]} {[%emt 00:02:06]} Ne4 {[%clk 00:20:05]}
{[%emt 00:03:36]} 20. Rc1 {[%clk 00:17:08]} {[%emt 00:09:00]} Qf6 {[%clk
00:17:59]} {[%emt 00:02:34]} 21. Ng3 {[%clk 00:14:48]} {[%emt 00:02:52]} Nc3
{[%clk 00:14:23]} {[%emt 00:04:06]} 22. Rxc3 {[%clk 00:15:13]} {[%emt
00:00:05]} Nxf3+ {[%clk 00:14:49]} {[%emt 00:00:05]} 23. gxf3 {[%clk 00:15:34]}
{[%emt 00:00:09]} Qxc3 {[%clk 00:15:13]} {[%emt 00:00:06]} 24. Bd7 {[%clk
00:16:00]} {[%emt 00:00:04]} Rf8 {[%clk 00:12:18]} {[%emt 00:03:25]} 25. Bxe6
{[%clk 00:16:20]} {[%emt 00:00:09]} fxe6 {[%clk 00:12:47]} {[%emt 00:00:02]}
26. Qa1 {[%clk 00:14:13]} {[%emt 00:02:37]} Qxa1 {[%clk 00:11:08]} {[%emt
00:02:09]} 27. Rxa1 {[%clk 00:14:37]} {[%emt 00:00:05]} Rxf3 {[%clk 00:11:34]}
{[%emt 00:00:05]} 28. Rc1 {[%clk 00:15:02]} {[%emt 00:00:05]} d4 {[%clk
00:11:32]} {[%emt 00:00:32]} 29. Rxc5 {[%clk 00:14:36]} {[%emt 00:00:56]} dxe3
{[%clk 00:10:55]} {[%emt 00:01:07]} 30. fxe3 {[%clk 00:14:57]} {[%emt
00:00:08]} Rxe3 {[%clk 00:09:45]} {[%emt 00:01:41]} 31. Rc7 {[%clk 00:15:13]}
{[%emt 00:00:13]} Bd5 {[%clk 00:09:43]} {[%emt 00:00:32]} 32. Rxa7 {[%clk
00:14:15]} {[%emt 00:01:29]} Rc3 {[%clk 00:09:22]} {[%emt 00:00:48]} 33. Ne2
{[%clk 00:09:58]} {[%emt 00:04:50]} Rc2 {[%clk 00:08:12]} {[%emt 00:01:40]} 34.
Nf4 {[%clk 00:10:18]} {[%emt 00:00:09]} g5 {[%clk 00:07:38]} {[%emt 00:01:04]}
35. Nxd5 {[%clk 00:08:51]} {[%emt 00:01:57]} exd5 {[%clk 00:08:07]} {[%emt
00:00:02]} 36. Ra5 {[%clk 00:08:16]} {[%emt 00:01:04]} h6 {[%clk 00:07:49]}
{[%emt 00:00:48]} 37. a4 {[%clk 00:07:33]} {[%emt 00:01:13]} Rb2 {[%clk
00:06:15]} {[%emt 00:02:04]} 38. Rxd5 {[%clk 00:05:14]} {[%emt 00:02:50]} Rxb3
{[%clk 00:06:39]} {[%emt 00:00:06]} 39. a5 {[%clk 00:05:39]} {[%emt 00:00:05]}
Ra3 {[%clk 00:06:37]} {[%emt 00:00:31]} 40. Kf2 {[%clk 00:06:04]} {[%emt
00:00:05]} Kf7 {[%clk 00:06:40]} {[%emt 00:00:28]} 41. Rb5 {[%clk 00:05:33]}
{[%emt 00:01:00]} Ke8 {[%emt 00:00:20]} 1/2-1/2

[Event "DEM U16 2024"]
[Site "Willingen GER"]
[Date "2024.05.22"]
[Round "5"]
[White "Sauer, Tim"]
[Black "Jahnz, Laurin"]
[Result "1-0"]
[Termination "normal"]
[Board "2"]
[WhiteElo "2053"]
[BlackElo "2202"]
[WhiteClock "00:06:46"]
[BlackClock "00:33:39"]
[PlyCount "81"]
[WhiteFideId "16265726"]
[BlackFideId "16261089"]
[EventCountry "GER"]
[EventRounds "9"]
[EventType "swiss"]
[EventDate "2024.05.18"]

1. c4 {[%clk 01:30:56]} {[%emt 00:00:03]} e6 {[%clk 01:30:58]} {[%emt
00:00:03]} 2. Nc3 {[%clk 01:31:20]} {[%emt 00:00:06]} d5 {[%clk 01:31:23]}
{[%emt 00:00:05]} 3. d4 {[%clk 01:31:44]} {[%emt 00:00:06]} Nf6 {[%clk
01:31:06]} {[%emt 00:00:47]} 4. cxd5 {[%clk 01:31:50]} {[%emt 00:00:24]} exd5
{[%clk 01:31:35]} {[%emt 00:00:02]} 5. Bg5 {[%clk 01:32:11]} {[%emt 00:00:08]}
c6 {[%clk 01:31:50]} {[%emt 00:00:16]} 6. e3 {[%clk 01:32:33]} {[%emt
00:00:07]} Be7 {[%clk 01:31:08]} {[%emt 00:01:12]} 7. Bd3 {[%clk 01:32:21]}
{[%emt 00:00:43]} O-O {[%clk 01:31:17]} {[%emt 00:00:21]} 8. Qc2 {[%clk
01:32:41]} {[%emt 00:00:09]} h6 {[%clk 01:29:55]} {[%emt 00:01:53]} 9. Bh4
{[%clk 01:31:51]} {[%emt 00:01:20]} Re8 {[%clk 01:30:00]} {[%emt 00:00:25]} 10.
Nf3 {[%clk 01:31:37]} {[%emt 00:00:42]} Nbd7 {[%clk 01:29:19]} {[%emt
00:01:12]} 11. O-O {[%clk 01:31:57]} {[%emt 00:00:10]} Ne4 {[%clk 01:26:50]}
{[%emt 00:02:58]} 12. Bxe7 {[%clk 01:30:56]} {[%emt 00:01:32]} Qxe7 {[%clk
01:27:10]} {[%emt 00:00:11]} 13. Bxe4 {[%clk 01:30:14]} {[%emt 00:01:12]} dxe4
{[%clk 01:27:33]} {[%emt 00:00:07]} 14. Nd2 {[%clk 01:30:40]} {[%emt 00:00:03]}
Nf6 {[%clk 01:23:34]} {[%emt 00:04:29]} 15. Rab1 {[%clk 01:30:13]} {[%emt
00:00:57]} a5 {[%clk 01:16:38]} {[%emt 00:07:27]} 16. a3 {[%clk 01:28:49]}
{[%emt 00:01:53]} Nd5 {[%clk 01:10:37]} {[%emt 00:06:32]} 17. Nxd5 {[%clk
01:07:31]} {[%emt 00:21:47]} cxd5 {[%clk 01:11:03]} {[%emt 00:00:04]} 18. Rfc1
{[%clk 00:49:53]} {[%emt 00:18:08]} Be6 {[%clk 00:53:14]} {[%emt 00:18:19]} 19.
Qc7 {[%clk 00:23:25]} {[%emt 00:26:58]} Qxc7 {[%clk 00:50:59]} {[%emt
00:02:45]} 20. Rxc7 {[%clk 00:23:48]} {[%emt 00:00:07]} Rab8 {[%clk 00:44:28]}
{[%emt 00:07:01]} 21. Rbc1 {[%clk 00:16:49]} {[%emt 00:07:29]} Rec8 {[%clk
00:43:50]} {[%emt 00:01:08]} 22. Nb1 {[%clk 00:08:16]} {[%emt 00:09:02]} Rxc7
{[%clk 00:43:32]} {[%emt 00:00:49]} 23. Rxc7 {[%clk 00:06:17]} {[%emt
00:02:29]} Rc8 {[%clk 00:43:46]} {[%emt 00:00:16]} 24. Rc5 {[%clk 00:05:49]}
{[%emt 00:00:57]} b6 {[%clk 00:40:46]} {[%emt 00:03:31]} 25. Rxc8+ {[%clk
00:05:57]} {[%emt 00:00:22]} Bxc8 {[%clk 00:41:13]} {[%emt 00:00:03]} 26. Nc3
{[%clk 00:06:20]} {[%emt 00:00:07]} Bb7 {[%clk 00:38:35]} {[%emt 00:03:09]} 27.
Na4 {[%clk 00:06:39]} {[%emt 00:00:10]} b5 {[%clk 00:38:52]} {[%emt 00:00:13]}
28. Nc5 {[%clk 00:06:23]} {[%emt 00:00:47]} Bc6 {[%clk 00:38:35]} {[%emt
00:00:46]} 29. Nb3 {[%clk 00:06:12]} {[%emt 00:00:41]} a4 {[%clk 00:38:57]}
{[%emt 00:00:08]} 30. Nc1 {[%clk 00:05:04]} {[%emt 00:01:38]} Kf8 {[%clk
00:38:45]} {[%emt 00:00:42]} 31. Kf1 {[%clk 00:05:26]} {[%emt 00:00:09]} Ke7
{[%clk 00:38:59]} {[%emt 00:00:15]} 32. Ke1 {[%clk 00:05:45]} {[%emt 00:00:10]}
Kd6 {[%clk 00:37:27]} {[%emt 00:02:02]} 33. Kd2 {[%clk 00:06:03]} {[%emt
00:00:13]} Bd7 {[%clk 00:36:44]} {[%emt 00:01:12]} 34. Kc3 {[%clk 00:06:06]}
{[%emt 00:00:27]} Kc6 {[%clk 00:37:09]} {[%emt 00:00:06]} 35. Kb4 {[%clk
00:06:29]} {[%emt 00:00:07]} Kb6 {[%clk 00:37:37]} {[%emt 00:00:03]} 36. Ne2
{[%clk 00:06:41]} {[%emt 00:00:16]} g5 {[%clk 00:32:38]} {[%emt 00:05:30]} 37.
Nc3 {[%clk 00:06:35]} {[%emt 00:00:35]} Bc6 {[%clk 00:33:04]} {[%emt 00:00:05]}
38. g4 {[%clk 00:06:14]} {[%emt 00:00:50]} Bd7 {[%clk 00:32:57]} {[%emt
00:00:37]} 39. Nxd5+ {[%clk 00:06:08]} {[%emt 00:00:36]} Kc6 {[%clk 00:33:25]}
{[%emt 00:00:03]} 40. Nf6 {[%clk 00:06:29]} {[%emt 00:00:08]} Bc8 {[%clk
00:33:39]} {[%emt 00:00:17]} 41. h3 {[%clk 00:06:46]} {[%emt 00:00:13]} 1-0

[Event "DEM U16 2024"]
[Site "Willingen GER"]
[Date "2024.05.22"]
[Round "5"]
[White "Semling, Julius"]
[Black "Sommer, Justus"]
[Result "1/2-1/2"]
[Termination "normal"]
[Board "3"]
[WhiteElo "2204"]
[BlackElo "2069"]
[WhiteClock "01:04:11"]
[BlackClock "00:58:36"]
[PlyCount "81"]
[WhiteFideId "16290160"]
[BlackFideId "16245008"]
[EventCountry "GER"]
[EventRounds "9"]
[EventType "swiss"]
[EventDate "2024.05.18"]

1. d4 {[%clk 01:30:57]} {[%emt 00:00:03]} d5 {[%clk 01:30:51]} {[%emt
00:00:07]} 2. c4 {[%clk 01:31:20]} {[%emt 00:00:09]} e6 {[%clk 01:31:10]}
{[%emt 00:00:08]} 3. Nf3 {[%clk 01:31:41]} {[%emt 00:00:13]} Nf6 {[%clk
01:31:26]} {[%emt 00:00:13]} 4. Nc3 {[%clk 01:32:02]} {[%emt 00:00:10]} Be7
{[%clk 01:31:26]} {[%emt 00:00:27]} 5. Bf4 {[%clk 01:32:18]} {[%emt 00:00:16]}
O-O {[%clk 01:31:21]} {[%emt 00:00:33]} 6. e3 {[%clk 01:32:46]} {[%emt
00:00:05]} b6 {[%clk 01:30:35]} {[%emt 00:01:15]} 7. Bd3 {[%clk 01:32:33]}
{[%emt 00:00:43]} Bb7 {[%clk 01:29:03]} {[%emt 00:02:01]} 8. cxd5 {[%clk
01:31:26]} {[%emt 00:01:39]} exd5 {[%clk 01:26:15]} {[%emt 00:03:17]} 9. h3
{[%clk 01:24:43]} {[%emt 00:07:13]} a6 {[%clk 01:23:16]} {[%emt 00:03:28]} 10.
O-O {[%clk 01:23:11]} {[%emt 00:02:03]} Nbd7 {[%clk 01:21:19]} {[%emt
00:02:27]} 11. Rc1 {[%clk 01:21:22]} {[%emt 00:02:19]} c5 {[%clk 01:16:44]}
{[%emt 00:05:05]} 12. Bb1 {[%clk 01:17:16]} {[%emt 00:04:37]} Rc8 {[%clk
01:13:32]} {[%emt 00:03:41]} 13. Ne5 {[%clk 01:13:35]} {[%emt 00:04:11]} Re8
{[%clk 00:58:36]} {[%emt 00:15:25]} 14. Bf5 {[%clk 01:04:11]} g6 {[%clk
00:58:36]} 15. Nxd7 {[%clk 01:04:11]} Nxd7 {[%clk 00:58:36]} 16. Bg4 {[%clk
01:04:11]} c4 {[%clk 00:58:36]} 17. Bf3 {[%clk 01:04:11]} Nf6 {[%clk 00:58:36]}
18. b3 {[%clk 01:04:11]} b5 {[%clk 00:58:36]} 19. bxc4 {[%clk 01:04:11]} Rxc4
{[%clk 00:58:36]} 20. Be5 {[%clk 01:04:11]} Ne4 {[%clk 00:58:36]} 21. Nxe4
{[%clk 01:04:11]} Rxc1 {[%clk 00:58:36]} 22. Qxc1 {[%clk 01:04:11]} dxe4 {[%clk
00:58:36]} 23. Bd1 {[%clk 01:04:11]} Bd6 {[%clk 00:58:36]} 24. Bxd6 {[%clk
01:04:11]} Qxd6 {[%clk 00:58:36]} 25. Bb3 {[%clk 01:04:11]} Rc8 {[%clk
00:58:36]} 26. Qd2 {[%clk 01:04:11]} Bd5 {[%clk 00:58:36]} 27. Rc1 {[%clk
01:04:11]} Rc6 {[%clk 00:58:36]} 28. Rxc6 {[%clk 01:04:11]} Qxc6 {[%clk
00:58:36]} 29. Qa5 {[%clk 01:04:11]} Bxb3 {[%clk 00:58:36]} 30. Qd8+ {[%clk
01:04:11]} Kg7 {[%clk 00:58:36]} 31. axb3 {[%clk 01:04:11]} Qc3 {[%clk
00:58:36]} 32. Qd5 {[%clk 01:04:11]} Qe1+ {[%clk 00:58:36]} 33. Kh2 {[%clk
01:04:11]} Qxf2 {[%clk 00:58:36]} 34. Qxe4 {[%clk 01:04:11]} Qf6 {[%clk
00:58:36]} 35. d5 {[%clk 01:04:11]} a5 {[%clk 00:58:36]} 36. Qd3 {[%clk
01:04:11]} a4 {[%clk 00:58:36]} 37. bxa4 {[%clk 01:04:11]} bxa4 {[%clk
00:58:36]} 38. d6 {[%clk 01:04:11]} Qe5+ {[%clk 00:58:36]} 39. Kh1 {[%clk
01:04:11]} Qa1+ {[%clk 00:58:36]} 40. Kh2 {[%clk 01:04:11]} Qe5+ {[%clk
00:58:36]} 41. Kg1 {[%clk 01:04:11]} 1/2-1/2

[Event "DEM U16 2024"]
[Site "Willingen GER"]
[Date "2024.05.22"]
[Round "5"]
[White "Torosyan, Bagrat"]
[Black "Bräutigam, Alexander"]
[Result "0-1"]
[Termination "normal"]
[Board "4"]
[WhiteElo "2115"]
[BlackElo "2134"]
[WhiteClock "00:27:13"]
[BlackClock "00:16:21"]
[PlyCount "66"]
[WhiteFideId "16258134"]
[BlackFideId "16245210"]
[EventCountry "GER"]
[EventRounds "9"]
[EventType "swiss"]
[EventDate "2024.05.18"]

1. e4 {[%clk 01:30:57]} {[%emt 00:00:04]} c5 {[%clk 01:30:56]} {[%emt
00:00:05]} 2. Nf3 {[%clk 01:31:24]} {[%emt 00:00:03]} d6 {[%clk 01:31:01]}
{[%emt 00:00:25]} 3. d4 {[%clk 01:31:49]} {[%emt 00:00:04]} cxd4 {[%clk
01:31:27]} {[%emt 00:00:04]} 4. Nxd4 {[%clk 01:32:15]} {[%emt 00:00:05]} Nf6
{[%clk 01:31:55]} {[%emt 00:00:01]} 5. Nc3 {[%clk 01:32:39]} {[%emt 00:00:06]}
a6 {[%clk 01:32:21]} {[%emt 00:00:04]} 6. Be3 {[%clk 01:33:04]} {[%emt
00:00:05]} e5 {[%clk 01:32:36]} {[%emt 00:00:16]} 7. Nb3 {[%clk 01:33:28]}
{[%emt 00:00:05]} Be6 {[%clk 01:32:46]} {[%emt 00:00:20]} 8. f3 {[%clk
01:33:51]} {[%emt 00:00:07]} Be7 {[%clk 01:32:52]} {[%emt 00:00:24]} 9. Qd2
{[%clk 01:34:11]} {[%emt 00:00:10]} Nbd7 {[%clk 01:33:07]} {[%emt 00:00:15]}
10. g4 {[%clk 01:34:29]} {[%emt 00:00:11]} O-O {[%clk 01:33:29]} {[%emt
00:00:08]} 11. O-O-O {[%clk 01:34:41]} {[%emt 00:00:19]} b5 {[%clk 01:33:29]}
{[%emt 00:00:31]} 12. Rg1 {[%clk 01:34:58]} {[%emt 00:00:12]} b4 {[%clk
01:28:54]} {[%emt 00:05:05]} 13. Nd5 {[%clk 01:34:39]} {[%emt 00:00:49]} Bxd5
{[%clk 01:29:18]} {[%emt 00:00:07]} 14. exd5 {[%clk 01:35:04]} {[%emt
00:00:04]} a5 {[%clk 01:16:24]} {[%emt 00:13:24]} 15. g5 {[%clk 01:35:02]}
{[%emt 00:00:33]} Nh5 {[%clk 01:16:31]} {[%emt 00:00:22]} 16. Kb1 {[%clk
01:34:47]} {[%emt 00:00:45]} Rb8 {[%clk 01:08:06]} {[%emt 00:08:56]} 17. h4
{[%clk 01:25:43]} {[%emt 00:09:33]} f5 {[%clk 01:04:51]} {[%emt 00:03:46]} 18.
gxf6 {[%clk 01:20:57]} {[%emt 00:05:16]} Bxf6 {[%clk 01:04:46]} {[%emt
00:00:35]} 19. Bh3 {[%clk 01:20:13]} {[%emt 00:01:13]} a4 {[%clk 01:02:52]}
{[%emt 00:02:24]} 20. Nc1 {[%clk 01:20:30]} {[%emt 00:00:13]} Nf4 {[%clk
00:55:07]} {[%emt 00:08:14]} 21. Be6+ {[%clk 01:15:35]} {[%emt 00:05:25]} Kh8
{[%clk 00:53:53]} {[%emt 00:01:45]} 22. Ne2 {[%clk 01:14:23]} {[%emt 00:01:42]}
b3 {[%clk 00:50:30]} {[%emt 00:03:53]} 23. cxb3 {[%clk 01:12:37]} {[%emt
00:02:16]} axb3 {[%clk 00:50:14]} {[%emt 00:00:46]} 24. a3 {[%clk 01:12:57]}
{[%emt 00:00:10]} Nb6 {[%clk 00:50:12]} {[%emt 00:00:32]} 25. Nxf4 {[%clk
01:08:18]} {[%emt 00:05:09]} exf4 {[%clk 00:48:52]} {[%emt 00:01:50]} 26. Bd4
{[%clk 01:08:32]} {[%emt 00:00:16]} Nc4 {[%clk 00:45:43]} {[%emt 00:03:39]} 27.
Qd3 {[%clk 01:07:01]} {[%emt 00:02:00]} Ne5 {[%clk 00:36:05]} {[%emt 00:10:09]}
28. Qe4 {[%clk 00:56:24]} {[%emt 00:11:06]} Rb7 {[%clk 00:30:52]} {[%emt
00:05:44]} 29. Rgf1 {[%clk 00:41:33]} {[%emt 00:15:20]} Rc7 {[%clk 00:17:12]}
{[%emt 00:14:11]} 30. Bb6 {[%clk 00:28:33]} {[%emt 00:13:29]} Nc4 {[%clk
00:17:25]} {[%emt 00:00:18]} 31. Bxc7 {[%clk 00:27:17]} {[%emt 00:01:46]} Qxc7
{[%clk 00:17:48]} {[%emt 00:00:07]} 32. Rc1 {[%clk 00:26:49]} {[%emt 00:00:58]}
Nd2+ {[%clk 00:17:04]} {[%emt 00:01:14]} 33. Ka1 {[%clk 00:27:13]} {[%emt
00:00:06]} Qa5 {[%clk 00:16:21]} {[%emt 00:01:12]} 0-1

[Event "DEM U16 2024"]
[Site "Willingen GER"]
[Date "2024.05.22"]
[Round "5"]
[White "Strehse, Nelson"]
[Black "Deschler, Arne"]
[Result "1/2-1/2"]
[Termination "normal"]
[Board "5"]
[WhiteElo "2156"]
[BlackElo "1989"]
[WhiteClock "00:04:54"]
[BlackClock "00:04:36"]
[PlyCount "81"]
[WhiteFideId "16228898"]
[BlackFideId "16274415"]
[EventCountry "GER"]
[EventRounds "9"]
[EventType "swiss"]
[EventDate "2024.05.18"]

1. e4 {[%clk 01:30:50]} {[%emt 00:00:09]} c6 {[%clk 01:30:57]} {[%emt
00:00:04]} 2. d4 {[%clk 01:31:07]} {[%emt 00:00:12]} d5 {[%clk 01:31:24]}
{[%emt 00:00:04]} 3. e5 {[%clk 01:31:28]} {[%emt 00:00:08]} Bf5 {[%clk
01:31:50]} {[%emt 00:00:04]} 4. h4 {[%clk 01:31:52]} {[%emt 00:00:06]} h5
{[%clk 01:32:19]} {[%emt 00:00:01]} 5. Bd3 {[%clk 01:32:05]} {[%emt 00:00:16]}
Bxd3 {[%clk 01:32:42]} {[%emt 00:00:08]} 6. Qxd3 {[%clk 01:32:33]} {[%emt
00:00:02]} e6 {[%clk 01:33:01]} {[%emt 00:00:08]} 7. Nf3 {[%clk 01:32:48]}
{[%emt 00:00:17]} Qa5+ {[%clk 01:32:16]} {[%emt 00:01:16]} 8. Nbd2 {[%clk
01:33:05]} {[%emt 00:00:12]} Qa6 {[%clk 01:30:35]} {[%emt 00:02:12]} 9. c4
{[%clk 01:33:18]} {[%emt 00:00:16]} Nh6 {[%clk 01:27:39]} {[%emt 00:03:26]} 10.
O-O {[%clk 01:31:09]} {[%emt 00:02:39]} Be7 {[%clk 01:27:09]} {[%emt 00:00:59]}
11. b3 {[%clk 01:31:21]} {[%emt 00:00:18]} Nf5 {[%clk 01:26:03]} {[%emt
00:01:37]} 12. a4 {[%clk 01:31:23]} {[%emt 00:00:28]} O-O {[%clk 01:22:34]}
{[%emt 00:03:59]} 13. Ba3 {[%clk 01:31:02]} {[%emt 00:00:51]} Bxa3 {[%clk
01:20:42]} {[%emt 00:02:23]} 14. Rxa3 {[%clk 01:31:30]} {[%emt 00:00:01]} Nd7
{[%clk 01:19:04]} {[%emt 00:02:08]} 15. Qc3 {[%clk 01:22:49]} {[%emt 00:09:09]}
Rfc8 {[%clk 01:15:00]} {[%emt 00:04:37]} 16. c5 {[%clk 01:16:03]} {[%emt
00:07:15]} Rab8 {[%clk 01:08:38]} {[%emt 00:06:53]} 17. b4 {[%clk 01:09:32]}
{[%emt 00:07:00]} b6 {[%clk 01:05:38]} {[%emt 00:03:31]} 18. Rb1 {[%clk
01:08:28]} {[%emt 00:01:33]} Rc7 {[%clk 01:03:45]} {[%emt 00:02:24]} 19. cxb6
{[%clk 00:46:29]} {[%emt 00:22:28]} axb6 {[%clk 01:03:01]} {[%emt 00:01:14]}
20. b5 {[%clk 00:40:47]} {[%emt 00:06:12]} Qc8 {[%clk 01:00:31]} {[%emt
00:03:00]} 21. bxc6 {[%clk 00:40:49]} {[%emt 00:00:28]} Rxc6 {[%clk 01:00:48]}
{[%emt 00:00:14]} 22. Qb4 {[%clk 00:41:06]} {[%emt 00:00:12]} Rc1+ {[%clk
00:58:42]} {[%emt 00:02:37]} 23. Kh2 {[%clk 00:41:17]} {[%emt 00:00:18]} Rxb1
{[%clk 00:53:59]} {[%emt 00:05:14]} 24. Qxb1 {[%clk 00:41:36]} {[%emt
00:00:10]} Qc6 {[%clk 00:50:12]} {[%emt 00:04:18]} 25. Qb4 {[%clk 00:38:07]}
{[%emt 00:03:58]} Rc8 {[%clk 00:45:15]} {[%emt 00:05:27]} 26. Rb3 {[%clk
00:38:12]} {[%emt 00:00:23]} Ra8 {[%clk 00:42:08]} {[%emt 00:03:38]} 27. Ra3
{[%clk 00:32:03]} {[%emt 00:06:39]} Ra7 {[%clk 00:36:53]} {[%emt 00:05:46]} 28.
g3 {[%clk 00:31:45]} {[%emt 00:00:45]} g6 {[%clk 00:35:51]} {[%emt 00:01:34]}
29. Kg2 {[%clk 00:32:02]} {[%emt 00:00:12]} Kg7 {[%clk 00:35:06]} {[%emt
00:01:16]} 30. Ng5 {[%clk 00:22:45]} {[%emt 00:09:46]} Rc7 {[%clk 00:29:31]}
{[%emt 00:06:07]} 31. Rf3 {[%clk 00:16:24]} {[%emt 00:06:48]} Qc2 {[%clk
00:23:33]} {[%emt 00:06:31]} 32. Nf1 {[%clk 00:10:01]} {[%emt 00:06:53]} Qc4
{[%clk 00:21:13]} {[%emt 00:02:50]} 33. Qa3 {[%clk 00:09:32]} {[%emt 00:00:59]}
Qc1 {[%clk 00:19:23]} {[%emt 00:02:19]} 34. Qb4 {[%clk 00:08:29]} {[%emt
00:01:33]} Qc4 {[%clk 00:17:08]} {[%emt 00:02:46]} 35. Qa3 {[%clk 00:08:56]}
{[%emt 00:00:03]} Nb8 {[%clk 00:11:55]} {[%emt 00:05:44]} 36. Ne3 {[%clk
00:08:29]} {[%emt 00:00:56]} Qxd4 {[%clk 00:11:46]} {[%emt 00:00:39]} 37. Nxf5+
{[%clk 00:08:34]} {[%emt 00:00:25]} gxf5 {[%clk 00:11:50]} {[%emt 00:00:26]}
38. Qd6 {[%clk 00:08:00]} {[%emt 00:01:04]} Qc5 {[%clk 00:10:07]} {[%emt
00:02:10]} 39. Nxe6+ {[%clk 00:05:18]} {[%emt 00:03:14]} fxe6 {[%clk 00:10:31]}
{[%emt 00:00:06]} 40. Qxe6 {[%clk 00:05:47]} {[%emt 00:00:02]} Rf7 {[%clk
00:04:36]} {[%emt 00:06:24]} 41. Rxf5 {[%clk 00:04:54]} {[%emt 00:01:23]}
1/2-1/2